New guide to Mexico (Record no. 9728)

MARC details
000 -CABECERA
campo de control de longitud fija 00653nam a2200229 a 4500
001 - NÚMERO DE CONTROL
campo de control BRL_916
005 - FECHA Y HORA DE LA ÚLTIMA TRANSACCIÓN
campo de control 20190320210943.0
008 - DATOS DE LONGITUD FIJA--INFORMACIÓN GENERAL
campo de control de longitud fija 241013s1957----nyuab#####---#000-0#eng-#
041 ## - CÓDIGO DE LENGUA
Código de lengua del texto/banda sonora o título independiente eng
044 ## - CÓDIGO DEL PAÍS DE LA ENTIDAD EDITORA/PRODUCTORA
Código MARC del país nyu
050 #4 - SIGNATURA TOPOGRÁFICA DE LA BIBLIOTECA DEL CONGRESO
Número de clasificación F1209
Número de documento/Ítem .T66 1957
100 1# - ENTRADA PRINCIPAL--NOMBRE DE PERSONA
Nombre de persona Toor, Frances
9 (RLIN) 25311
245 10 - MENCIÓN DE TÍTULO
Título New guide to Mexico
Resto del título Including Lower California
Mención de responsabilidad, etc. By Frances Toor ; newly revised by Kate Simon
260 ## - PUBLICACIÓN, DISTRIBUCIÓN, ETC.
Lugar de publicación, distribución, etc. New York
Nombre del editor, distribuidor, etc. Crown Publishers
Fecha de publicación, distribución, etc. 1957
300 ## - DESCRIPCIÓN FÍSICA
Extensión 277 p.
Otras características físicas il., mapas
Dimensiones 18 cm.
500 ## - NOTA GENERAL
Nota general Au1057
500 ## - NOTA GENERAL
Nota general Estado físico: Camisa rota.
651 #4 - PUNTO DE ACCESO ADICIONAL DE MATERIA--NOMBRE GEOGRÁFICO
Nombre geográfico México
Subdivisión de forma Guías
9 (RLIN) 25312
700 1# - PUNTO DE ACCESO ADICIONAL--NOMBRE DE PERSONA
Nombre de persona Simon, Kate
9 (RLIN) 25313
902 ## - CATALOGADOR
Iniciales GRL
942 ## - ELEMENTOS DE PUNTO DE ACCESO ADICIONAL (KOHA)
Fuente del sistema de clasificación o colocación Library of Congress Classification
Tipo de ítem Koha Libros
Holdings
Estado de retiro Estado de pérdida Estado dañado No para préstamo Localización permanente Ubicación/localización actual Fecha de adquisición Número de inventario Total de préstamos Signatura topográfica completa Código de barras Fecha visto por última vez Precio válido a partir de Tipo de ítem Koha
El ejemplar forma parte de la colección y puede ser consultado según las políticas vigentes.       Biblioteca Centro de Estudios Ruth D. Lechuga Biblioteca Centro de Estudios Ruth D. Lechuga 24/10/2013 Au1057   F1209 .T66 1957 (Au1057) GRL00994 22/03/2019 22/03/2019 Libros